[Event "Leon"]
[Site "Leon"]
[Date "1993.??.??"]
[Round "9"]
[White "Karpov, Anatoly"]
[Black "Illescas Cordoba, Miguel"]
[Result "1-0"]
[WhiteElo "2725"]
[BlackElo "2615"]
[Annotator "Ftacnik,Lubomir"]
[PlyCount "71"]
[EventDate "1993.05.??"]
[EventType "tourn"]
[EventRounds "9"]
[EventCountry "ESP"]
[EventCategory "12"]
[SourceTitle "CBM 036"]
[Source "ChessBase"]
[SourceDate "1993.10.01"]
[SourceVersion "1"]
[SourceVersionDate "1993.10.01"]
[SourceQuality "1"]

1. c4 {Anand} c5 2. Nf3 Nf6 3. Nc3 e6 4. g3 Nc6 5. Bg2 d5 6. cxd5 exd5 7. d4 Be7 8. O-O O-O 9. Bg5 cxd4 10. Nxd4 h6 11. Be3 Re8 12. Rc1 Bf8 (12... Be6 13. Nxc6 bxc6 14. Na4 Qa5 15. a3 Rec8 16. Bc5 Bd8 17. Bd4 Ne4 18. e3 Be7 19. Bxe4 dxe4 20. Nc5 Bxc5 21. Rxc5 Qd8 22. Qh5 Bd5 23. b4 a6 24. h4 $14 {Campos,J-Villavicencio,A/Benidorm op/1989/1-0 (48)}) (12... Bb4 13. Nxc6 bxc6 14. a3 Ba5 15. Na4 Bd7 16. Nc5 Bb6 17. b4 Bg4 18. Re1 Rc8 19. Bd4 Nd7 20. Qd3 h5 21. h3 Be6 22. Qc3 Nxc5 23. Bxc5 Qd7 24. Kh2 $13 {Probst,D-Schwaegli,B/Zuerich op/1992/0-1 (31)}) 13. a3 $5 (13. Na4 Qa5 (13... Ng4 14. Nxc6 bxc6 15. Bd4 Bd7 16. Nc5 Bf5 17. Re1 Qg5 18. e4 dxe4 19. Nxe4 Bxe4 20. Rxe4 Rxe4 21. Bxe4 {0,5/Robatsch,K-Anikaev,Y/Sochi/1974/}) 14. a3 Ne5 15. Bd2 Qd8 16. Qb3 Nc4 17. Rfd1 Nxd2 18. Rxd2 Ne4 19. Rdd1 Qf6 20. Bf3 Ng5 21. Nc3 Nxf3+ 22. Nxf3 Be6 23. Qxb7 Rab8 24. Qxa7 $14 {Robatsch,K-Huebner,R/Mitropa Cup/1993/0-1 (56)}) (13. Nxc6 {Anand is played here usually} bxc6 14. Na4 Bd7 (14... Qa5 $2 15. Rxc6 Bd7 16. Bd2 Qb5 17. Rxf6 $1 $18)) 13... Bg4 14. h3 Be6 15. Nxc6 bxc6 16. Bd4 (16. Na4 {Anand} Qc8 17. Kh2 Qa6 $1 $13) 16... Bd7 $146 (16... c5 17. Bxf6 Qxf6 18. Nxd5 Qxb2 19. Nc7 Rad8 20. Qe1 Re7 21. Qa5 $16) (16... Nd7 17. e4 (17. b4 $16 {Anand}) 17... dxe4 (17... c5 18. exd5 cxd4 19. dxe6 $18) 18. Nxe4 $14 (18. Nxe4 Bd5 $14)) (16... Ne4 17. Nxe4 dxe4 18. Bc5 Bxc5 19. Rxc5 Bd5 20. b4 $14) ({RR} 16... Nh7 17. Na4 Qd7 18. h4 Bf5 19. Re1 Be4 20. Bc5 Bxg2 21. Kxg2 Re4 22. e3 Qf5 23. Bxf8 Nxf8 24. Nc5 Re5 25. Nd3 Re6 26. Nf4 Rf6 27. Qd3 Qg4 28. f3 Qd7 29. e4 dxe4 {½-½ (29) Gelfand,B (2714)-Grischuk,A (2669) Biel 2001}) ({RR} 16... Nh7 17. Be3 Ng5 18. Kh2 Bd6 19. Qd2 Nxh3 20. f4 Qe7 21. Nd1 Qd7 22. f5 Bxf5 23. Bxh6 gxh6 24. Bxh3 Bxh3 25. Qxh6 Bxg3+ {0-1 (25) Epiney,F (2078)-Malysheva,P (2364) Biel 2004}) 17. Qd3 (17. Na4 {Anand} Ne4 {accomplishes little. Karpov, as is his want, keeps making useful moves.}) 17... Nh7 18. Be3 $1 (18. e4 $2 c5) 18... Bd6 $6 (18... Ng5 19. Bxg5 (19. h4 {Anand} Ne6 20. Rfd1 Rb8 $132) 19... Qxg5 (19... hxg5 20. Rfd1 (20. e4 dxe4 21. Nxe4 Bxh3 $1) 20... Rb8 $1 $13) 20. e4 $16 (20. e4 Qg6 21. Rfd1 $16)) (18... Qf6 $14) 19. Rfd1 Be6 (19... Qe7 20. Nxd5 $1 cxd5 21. Qxd5 $16) (19... Nf8 20. Nxd5 cxd5 21. Qxd5 Be5 22. Qxa8 Qxa8 23. Bxa8 Rxa8 24. Bd4 Bxd4 25. Rxd4 Bxh3 26. g4 h5 27. gxh5 $16) 20. b4 $1 $16 Nf8 (20... Ng5 21. Bxg5 Qxg5 22. e4 $16) (20... Qd7 21. b5) (20... a5 21. b5 $1 Bxa3 22. bxc6 Bxc1 23. Rxc1 $16) 21. Na4 (21. Qa6 Qc8 $1) 21... Ng6 22. Qc3 (22. Rxc6 $2 Ne5) 22... Bd7 23. Nc5 Bxc5 24. Bxc5 Rxe2 $6 25. Be3 Qe7 (25... a5 26. b5 (26. Qd3 Ra2 27. b5 $18) 26... cxb5 27. Bxd5 Rc8 28. Qd3 Rxe3 29. Qxe3 $16) 26. Bf1 Rxe3 27. Qxe3 Qxe3 28. fxe3 Re8 29. Kf2 Ne5 30. Rc5 Re7 31. e4 $1 Be6 (31... dxe4 32. Rxe5 Rxe5 33. Rxd7 $18) 32. b5 cxb5 33. exd5 Bd7 34. d6 Re6 35. Bxb5 Rf6+ 36. Kg2 1-0

[Event "London Phillips&Drew"]
[Site "London"]
[Date "1984.04.27"]
[Round "2"]
[White "Karpov, Anatoly"]
[Black "Chandler, Murray G"]
[Result "1-0"]
[WhiteElo "2700"]
[BlackElo "2515"]
[PlyCount "73"]
[EventDate "1984.04.26"]
[EventType "tourn"]
[EventRounds "13"]
[EventCountry "ENG"]
[EventCategory "14"]
[SourceTitle "MCL"]
[Source "ChessBase"]
[SourceDate "1999.07.01"]
[SourceVersion "1"]
[SourceVersionDate "1999.07.01"]
[SourceQuality "1"]

1. d4 d5 2. c4 e6 3. Nf3 c5 4. cxd5 exd5 5. g3 Nf6 6. Bg2 Be7 7. O-O O-O 8. Nc3 Nc6 9. dxc5 Bxc5 10. Bg5 d4 11. Bxf6 Qxf6 12. Nd5 Qd8 13. Nd2 Re8 14. Rc1 Bb6 15. Re1 Be6 16. Nf4 Bxa2 17. b3 Ba5 18. Rc2 Bxb3 19. Nxb3 d3 20. Rxc6 Bxe1 21. Rc1 d2 22. Rb1 a5 23. Nd3 Qg5 $146 ({RR} 23... Rb8 24. Ra1 b6 25. Nxe1 dxe1=Q+ 26. Qxe1 Rc8 27. e3 Re5 28. Nd4 Rec5 29. h4 Qc7 30. Ne2 g6 31. Bf3 Rc2 32. Kg2 Qc5 33. h5 Kg7 34. Ra4 Qe5 35. Nd4 Rc1 36. Qe2 Rb1 37. Rc4 Rc5 38. Qa2 {Spraggett,K (2597)-Ivanovic,B (2511) Toronto 1984 1-0 (47)}) ({RR} 23... a4 24. Nxd2 Bxd2 25. Qxd2 a3 26. Qa2 Re7 27. Bd5 g6 28. e4 Qa5 29. Kg2 Rc8 30. h4 Rc3 31. Nf4 Qa4 32. h5 g5 33. Ne2 Rc2 34. Qa1 Qa6 35. Nd4 Rd2 36. Nf5 {1-0 (36) Glek,I (2395)-Sturua,Z (2450) Borjomi 1984}) 24. Nbc5 Rad8 25. Bxb7 h5 26. Bf3 Qf5 27. Kg2 h4 28. g4 Qg5 29. h3 Rd4 30. Qb3 g6 31. e3 Rdd8 32. Ne4 a4 33. Qxa4 Qe7 34. g5 Rxd3 35. Nf6+ Kf8 36. Qxh4 Qd8 37. Rb7 1-0

[Event "World-ch30-KK1 Karpov-Kasparov +5-3=40"]
[Site "Moscow"]
[Date "1984.09.28"]
[Round "7"]
[White "Karpov, Anatoly"]
[Black "Kasparov, Garry"]
[Result "1-0"]
[WhiteElo "2700"]
[BlackElo "2710"]
[PlyCount "83"]
[EventDate "1984.09.10"]
[EventType "match"]
[EventRounds "48"]
[EventCountry "URS"]
[SourceTitle "MainBase"]
[Source "ChessBase"]
[SourceDate "1999.07.01"]
[SourceVersion "2"]
[SourceVersionDate "1999.07.01"]
[SourceQuality "1"]

1. d4 d5 2. c4 e6 3. Nf3 c5 4. cxd5 exd5 5. g3 Nf6 6. Bg2 Be7 7. O-O O-O 8. Nc3 Nc6 9. Bg5 cxd4 10. Nxd4 h6 11. Be3 Re8 12. Qb3 Na5 13. Qc2 Bg4 14. Nf5 Rc8 15. Nxe7+ Rxe7 16. Rad1 Qe8 17. h3 Bh5 18. Bxd5 $146 ({RR} 18. Qf5 Rxc3 19. bxc3 Bxe2 20. Bd4 Re6 {½-½ (20) Harikrishna,P (2354)-Iuldachev,S (2509) Sangli 2000}) 18... Bg6 19. Qc1 Nxd5 20. Rxd5 Nc4 21. Bd4 Rec7 22. b3 Nb6 23. Re5 Qd7 24. Qe3 f6 25. Rc5 Rxc5 26. Bxc5 Qxh3 27. Rd1 h5 28. Rd4 Nd7 29. Bd6 Bf7 30. Nd5 Bxd5 31. Rxd5 a6 32. Bf4 Nf8 33. Qd3 Qg4 34. f3 Qg6 35. Kf2 Rc2 36. Qe3 Rc8 37. Qe7 b5 38. Rd8 Rxd8 39. Qxd8 Qf7 40. Bd6 g5 41. Qa8 Kg7 42. Qxa6 1-0

[Event "Singapore sim"]
[Site "Singapore"]
[Date "1997.??.??"]
[Round "?"]
[White "Karpov, Anatoly"]
[Black "Long, J."]
[Result "1/2-1/2"]
[WhiteElo "2745"]
[BlackElo "2060"]
[PlyCount "72"]
[EventDate "1997.??.??"]
[EventType "simul"]
[EventRounds "1"]
[EventCountry "SIN"]
[SourceTitle "EXT 1999"]
[Source "ChessBase"]
[SourceDate "1998.11.16"]
[SourceVersion "1"]
[SourceVersionDate "1998.11.16"]
[SourceQuality "1"]

1. c4 e6 2. Nc3 d5 3. d4 Be7 4. cxd5 exd5 5. Bf4 Nf6 6. e3 O-O 7. Bd3 c6 8. Qc2 Nbd7 9. Nf3 Re8 10. O-O Nf8 11. Bg3 ({RR} 11. Ne5 Nh5 12. Bg3 Bd6 13. Nf3 Nxg3 14. hxg3 Bg4 15. Nh4 g6 16. Be2 Bxe2 17. Qxe2 Nd7 18. Nf3 Nf6 19. Rfe1 Kg7 20. Nd2 Re7 21. a3 a5 22. Nf1 h5 23. f3 Qb6 24. Na4 Qc7 25. Qf2 Rae8 {Veselsky,J (2250)-Jirovsky,M (2505) Hlohovec 1997 ½-½ (60)}) 11... Ne6 ({RR} 11... Nh5 12. Ne2 Nxg3 13. Nxg3 Bd6 14. Qe2 Qf6 15. e4 Bxg3 16. hxg3 dxe4 17. Bxe4 Bg4 18. Qd3 Bxf3 {0-1 (18) Yin,V (1859)-Diedrichs,R (1997) Bamberg GER 2024}) 12. Ne5 g6 13. Rab1 a5 $146 ({RR} 13... Ng7 14. b4 a6 15. a4 Bf5 16. Bxf5 Nxf5 17. b5 cxb5 18. axb5 a5 19. Qb3 Bb4 20. Rfc1 Bxc3 21. Rxc3 Ne4 22. Rc2 Nfxg3 23. hxg3 Qd6 24. Rbc1 Re7 25. Ra1 Kg7 26. Ra4 f6 27. Nd3 b6 28. Rc6 {Guerrero Vargas,A (2302)-Pacheco Lugo,A (2190) Santo Domingo 2018 1-0 (38)}) 14. a3 Ng7 15. b4 axb4 16. axb4 Bf5 17. b5 c5 18. dxc5 Bxc5 19. Nf3 Qe7 20. Be5 Red8 21. Ne2 Rac8 22. Qb3 Be4 23. Ned4 Bxd4 24. Bxd4 Ne6 25. Ne5 Nxd4 26. exd4 Qd6 27. Rfe1 Rc7 28. f3 Bxd3 29. Qxd3 Qb6 30. Qe3 Kg7 31. h4 Ra8 32. Re2 Ra4 33. Rd2 h5 34. Kh2 Qd6 35. Kh1 Qa3 36. Qxa3 Rxa3 1/2-1/2

[Event "World-ch31-KK2 Kasparov-Karpov +5-3=16"]
[Site "Moscow"]
[Date "1985.11.05"]
[Round "22"]
[White "Karpov, Anatoly"]
[Black "Kasparov, Garry"]
[Result "1-0"]
[WhiteElo "2720"]
[BlackElo "2700"]
[PlyCount "83"]
[EventDate "1985.09.03"]
[EventType "match"]
[EventRounds "24"]
[EventCountry "URS"]
[SourceTitle "MainBase"]
[Source "ChessBase"]
[SourceDate "1999.07.01"]
[SourceVersion "2"]
[SourceVersionDate "1999.07.01"]
[SourceQuality "1"]

1. d4 d5 2. c4 e6 3. Nc3 Be7 4. cxd5 exd5 5. Bf4 Nf6 6. e3 O-O 7. Nf3 Bf5 8. h3 c6 9. g4 Bg6 10. Ne5 Nfd7 11. Nxg6 fxg6 12. Bg2 Nb6 13. O-O Kh8 14. Ne2 g5 15. Bg3 Bd6 16. Qd3 Na6 17. b3 Qe7 18. Bxd6 Qxd6 19. f4 gxf4 20. exf4 Rae8 21. f5 Nc7 22. Rf2 Nd7 23. g5 Qe7 24. h4 Qe3 25. Rd1 Nb5 26. Qxe3 Rxe3 27. Kh2 Nb6 28. Ng3 Nc8 29. Nf1 Re7 30. Rd3 Ncd6 31. Ng3 Ne4 $146 ({RR} 31... Re1 32. a4 Ne4 33. Bxe4 dxe4 34. Nxe4 Rxe4 35. axb5 cxb5 36. Kg3 a5 37. d5 a4 38. d6 Rd8 39. Rc2 Re5 40. d7 {1-0 (40) Agostini,V-Del Lungo,P Italy 1993}) 32. Bxe4 dxe4 33. Re3 Nxd4 34. Kh3 Re5 35. Kg4 h5+ 36. Kxh5 Nxf5 37. Rxf5 Rfxf5 38. Nxf5 Rxf5 39. Rxe4 Kh7 40. Re7 b5 41. Rxa7 b4 42. Kg4 1-0

[Event "Singapore sim"]
[Site "Singapore"]
[Date "1997.??.??"]
[Round "?"]
[White "Karpov, Anatoly"]
[Black "Lau, Keng Boon"]
[Result "1/2-1/2"]
[WhiteElo "2745"]
[BlackElo "2230"]
[PlyCount "120"]
[EventDate "1997.??.??"]
[EventType "simul"]
[EventRounds "1"]
[EventCountry "SIN"]
[SourceTitle "EXT 1999"]
[Source "ChessBase"]
[SourceDate "1998.11.16"]
[SourceVersion "1"]
[SourceVersionDate "1998.11.16"]
[SourceQuality "1"]

1. d4 Nf6 2. c4 e6 3. Nf3 d5 4. Nc3 Nbd7 5. cxd5 exd5 6. Bf4 c6 7. Qc2 Be7 8. e3 O-O 9. Bd3 Re8 10. O-O Nf8 11. Rab1 Ng6 12. Bg3 Bd6 13. b4 Bg4 14. b5 Bxf3 15. gxf3 c5 16. dxc5 Bxc5 17. Na4 $146 ({RR} 17. Bxg6 hxg6 18. Rfd1 Rc8 19. Nxd5 Nxd5 20. Qb3 Qb6 21. Rxd5 Qf6 22. Kg2 Bb6 23. Rd6 Qf5 24. Rbd1 Rc2 25. R1d3 Rec8 26. R3d5 R2c3 27. Rxf5 Rxb3 28. Rxf7 Kxf7 29. axb3 Rc3 30. Rd7+ Kf6 31. Rxb7 Rxb3 {Meza,H (2273)-Palmiotto,M Buenos Aires 2008 1-0 (45)}) 17... Bd6 18. b6 Rc8 19. Qb3 a6 20. Rfc1 Bxg3 21. hxg3 Ne5 22. Kg2 Qd6 23. Bf5 Rc4 24. f4 Nc6 25. Rxc4 Na5 26. Qb4 Nxc4 27. Qxd6 Nxd6 28. Bh3 Re4 29. Nc3 Rc4 30. Rb3 Rc6 31. Kg1 Nc4 32. Na4 Kf8 33. g4 Nd7 34. Bg2 Ndxb6 35. Nxb6 Rxb6 36. Bxd5 Rxb3 37. axb3 Nd6 38. e4 b6 39. e5 Nb5 40. Bc4 Nc7 41. Kg2 Ke7 42. Kf3 a5 43. Ke4 h6 44. f5 Kf8 45. f6 gxf6 46. exf6 b5 47. Bd3 a4 48. bxa4 bxa4 49. Bc4 a3 50. f4 Na6 51. Kd4 Nb4 52. Kc3 a2 53. Kb2 a1=Q+ 54. Kxa1 Nc2+ 55. Kb2 Ne3 56. Be2 Nd5 57. g5 Nxf4 58. gxh6 Kg8 59. Bc4 Kh7 60. Bxf7 Kxh6 1/2-1/2

[Event "World-ch32-KK3 Kasparov-Karpov +5-4=15"]
[Site "London/Leningrad"]
[Date "1986.08.15"]
[Round "8"]
[White "Kasparov, Garry"]
[Black "Karpov, Anatoly"]
[Result "1-0"]
[WhiteElo "2740"]
[BlackElo "2705"]
[Annotator "ChessBase"]
[PlyCount "61"]
[EventDate "1986.07.28"]
[EventType "match"]
[EventRounds "24"]
[EventCountry "URS"]
[SourceTitle "MainBase"]
[Source "ChessBase"]
[SourceDate "1999.07.01"]
[SourceVersion "2"]
[SourceVersionDate "1999.07.01"]
[SourceQuality "1"]

1. d4 d5 2. c4 e6 3. Nc3 Be7 4. cxd5 exd5 5. Bf4 Nf6 6. e3 O-O 7. Bd3 c5 8. Nf3 Nc6 9. O-O Bg4 10. dxc5 Bxc5 11. h3 Bxf3 (11... Bh5 $2 12. g4) 12. Qxf3 d4 13. Ne4 Be7 $1 14. Rad1 (14. Rfd1 $1 $14) 14... Qa5 $1 ({RR} 14... Qb6 15. b3 Rad8 16. Bg3 Rfe8 17. Nxf6+ Bxf6 18. Qf5 h6 19. Qh7+ Kf8 20. Rfe1 dxe3 21. Qh8+ Ke7 22. Qh7 Kf8 23. Kh2 g6 24. Bc4 Bg7 25. fxe3 Rxd1 26. Rxd1 Ne5 27. Bd5 Qxe3 28. Rf1 Qd3 29. Bc4 {Sarana,A (2668)-Rustemov,A (2525) chess.com INT 2026 1-0 (92)}) 15. Ng3 $5 ({RR} 15. a3 Nd5 16. Bc4 Nxf4 17. exf4 Qc7 18. Rc1 g6 19. b4 a6 20. g3 Qd7 21. Kg2 Rac8 22. h4 h5 23. Bd3 Kg7 24. Nd2 f5 25. Nc4 Qd8 26. Rfe1 Rc7 27. Nd2 Rf6 28. Kh2 Rd6 29. Nb3 Qc8 {Ethereal14.35 (3523)-Seer2.8.0 (3499) tcec-chess.com INT 2024 ½-½ (112)}) 15... dxe3 16. fxe3 $146 ({RR} 16. Nf5 exf2+ 17. Kh1 Rfe8 18. Qg3 Nh5 19. Qg4 g6 20. Rxf2 Bf8 21. Bd2 Qc5 22. Qh4 Rad8 23. Rc1 Qb6 24. Bc4 Ne5 25. Bb3 Rd3 26. Bc3 Ng3+ 27. Nxg3 Qxf2 28. Bxe5 Rxe5 29. Rf1 Re1 30. Bxf7+ Kh8 {Gutov,A (2278)-Rustemov,A (2539) Moscow 1999 0-1 (33)}) 16... Qxa2 $1 $13 17. Nf5 Qe6 18. Bh6 Ne8 19. Qh5 g6 20. Qg4 Ne5 21. Qg3 Bf6 22. Bb5 Ng7 23. Bxg7 Bxg7 24. Rd6 Qb3 25. Nxg7 Qxb5 26. Nf5 Rad8 27. Rf6 Rd2 28. Qg5 Qxb2 29. Kh1 Kh8 30. Nd4 Rxd4 31. Qxe5 1-0

[Event "URS-ch55"]
[Site "Moscow"]
[Date "1988.07.??"]
[Round "15"]
[White "Karpov, Anatoly"]
[Black "Vaganian, Rafael A"]
[Result "1/2-1/2"]
[WhiteElo "2725"]
[BlackElo "2625"]
[PlyCount "75"]
[EventDate "1988.07.??"]
[EventType "tourn"]
[EventRounds "17"]
[EventCountry "URS"]
[EventCategory "14"]
[SourceTitle "URS-ch"]
[Source "ChessBase"]
[SourceDate "1999.07.01"]
[SourceVersion "1"]
[SourceVersionDate "1999.07.01"]
[SourceQuality "1"]

1. d4 Nf6 2. c4 e6 3. Nc3 d5 4. cxd5 exd5 5. Bg5 c6 6. e3 Bf5 7. Qf3 Be6 8. Bxf6 Qxf6 9. Qxf6 gxf6 10. Nf3 Nd7 11. Bd3 Nb6 12. O-O-O ({RR} 12. Ke2 Nc8 13. Rhc1 Nd6 14. b4 a6 15. a4 Be7 16. b5 axb5 17. axb5 O-O 18. Nd2 f5 19. bxc6 bxc6 20. Na4 Rfc8 21. f3 Nb5 22. Nc5 Rxa1 23. Rxa1 f4 24. Ndb3 fxe3 25. Kxe3 Nd6 26. Nxe6 fxe6 {So,W (2765)-Wang,Y (2684) Chess.com INT 2019 ½-½ (60)}) ({RR} 12. Nh4 Nc4 13. Bxc4 dxc4 14. O-O-O b5 15. d5 Bd7 16. dxc6 Bxc6 17. e4 b4 18. Nd5 O-O-O 19. Nf5 Bxd5 20. exd5 Bc5 21. Rhe1 Rhe8 22. Rxe8 Rxe8 23. Kd2 Re5 24. g4 Rxd5+ 25. Ke2 Rxd1 26. Kxd1 Kd7 {Valenzuela Gomez,F (2346)-Liavonava,Y (2140) chess.com INT 2026 0-1 (32)}) 12... O-O-O 13. Ne2 $146 ({RR} 13. Nh4 Kc7 14. Ne2 Nc8 15. Nf5 Nd6 16. Neg3 Nxf5 {½-½ (16) Panno,O (2510)-Campora,D (2520) Buenos Aires 1990}) 13... Kc7 14. h3 Nc8 15. Nf4 Nd6 16. g4 Ne4 17. Rdf1 Bd6 18. Nh5 f5 19. Ng7 fxg4 20. Nxe6+ fxe6 21. hxg4 Rdg8 22. Bxe4 dxe4 23. Nd2 Rxg4 24. Rh5 Bb4 25. Nb1 h6 26. Kd1 Bf8 27. Ke2 Bg7 28. Nc3 Rf8 29. Rfh1 Rf5 30. b4 Rxh5 31. Rxh5 e5 32. d5 cxd5 33. Nxd5+ Kd6 34. Nc3 Ke6 35. a3 Rg1 36. Nxe4 b6 37. f4 exf4 38. exf4 1/2-1/2

[Event "EU-Cup 09th final"]
[Site "Hilversum"]
[Date "1993.12.12"]
[Round "3"]
[White "Karpov, Anatoly"]
[Black "Ekstroem, Roland"]
[Result "1-0"]
[WhiteElo "2760"]
[BlackElo "2420"]
[PlyCount "69"]
[EventDate "1993.12.10"]
[EventType "team-k.o."]
[EventRounds "3"]
[EventCountry "NED"]
[SourceTitle "EXT 2020"]
[Source "ChessBase"]
[SourceDate "2019.10.17"]
[SourceVersion "1"]
[SourceVersionDate "2019.10.17"]
[SourceQuality "1"]
[WhiteTeam "Vienna Margareten Winterthur"]
[BlackTeam "Stockholm Rockaden"]
[WhiteTeamCountry "AUT"]
[BlackTeamCountry "SWE"]

1. d4 d5 2. c4 e6 3. Nc3 Be7 4. Nf3 Nf6 5. Bg5 Nbd7 6. cxd5 exd5 7. e3 O-O 8. Bd3 Re8 9. h3 c6 ({RR} 9... Nf8 10. Bf4 Bd6 11. Bxd6 Qxd6 12. Qc2 a6 13. O-O Be6 14. Rab1 Re7 15. b4 c6 16. Na4 Rae8 17. Nc5 Bc8 18. a4 Ng6 19. b5 axb5 20. axb5 Ne4 21. bxc6 bxc6 22. Rfc1 Qf6 23. Rb8 Nxc5 24. Qxc5 {Filippov,V (2621)-Jussupow,A (2601) Minneapolis 2005 0-1 (55)}) 10. Bf4 Nf8 11. O-O Bd6 $146 ({RR} 11... Ne6 12. Bh2 g6 13. Rb1 a5 14. a3 Ng7 15. Ne5 Nd7 16. b4 axb4 17. axb4 Nxe5 18. Bxe5 b5 19. e4 f6 20. Bh2 Be6 21. Re1 f5 22. exd5 Bxd5 23. Nxd5 Qxd5 24. Be2 Bd6 25. Bxd6 Qxd6 26. Qd2 {McNaught,J (1904)-Smith,H (1801) Hamilton SCO 2026 0-1 (51)}) 12. Bxd6 Qxd6 13. Qc2 Be6 14. Rfc1 Qe7 15. Rab1 Ne4 16. Bxe4 dxe4 17. Qxe4 Rad8 18. Qh4 f6 19. b4 a6 20. Qg3 Kh8 21. a3 g5 22. Na4 Ng6 23. Rc5 Rg8 24. Nb6 Rg7 25. Rbc1 Qf7 26. a4 Rdg8 27. b5 axb5 28. axb5 Nh4 29. bxc6 Nxg2 30. Qxg2 g4 31. Ng5 Rxg5 32. Rxg5 Rxg5 33. cxb7 Rg8 34. hxg4 Bxg4 35. Rc8 1-0

[Event "Najdorf Memorial 12th"]
[Site "Buenos Aires"]
[Date "2001.09.13"]
[Round "9"]
[White "Karpov, Anatoly"]
[Black "Ricardi, Pablo"]
[Result "1-0"]
[WhiteElo "2692"]
[BlackElo "2545"]
[PlyCount "87"]
[EventDate "2001.09.04"]
[EventType "tourn"]
[EventRounds "9"]
[EventCountry "ARG"]
[EventCategory "14"]
[SourceTitle "CBM 085"]
[Source "ChessBase"]
[SourceDate "2001.11.13"]
[SourceVersion "1"]
[SourceVersionDate "2001.11.13"]
[SourceQuality "1"]

1. d4 {Marin,Mihail} Nf6 2. c4 e6 3. Nc3 d5 4. cxd5 exd5 5. Bg5 Nbd7 6. e3 c6 7. Bd3 Bd6 8. Nf3 Nf8 9. Ne5 Ng6 ({RR} 9... Qe7 10. f4 Ne6 ({RR} 10... h6) 11. Bh4 g5 12. fxg5 Bxe5 13. dxe5 Nd7 14. O-O Nxe5 15. Rf6 Bd7 ({RR} 15... O-O 16. g6) ({RR} 15... Ng6) 16. Bf5 Ng7 ({RR} 16... O-O-O 17. Rc1 Nc7 18. Qd4) ({RR} 16... Nc5 17. e4 ({RR} 17. g6 hxg6 18. Re6 Qxe6 19. Bxe6 Rxh4 20. Bxd7+ Nexd7) 17... Bxf5 18. Rxf5) ({RR} 16... Ng6) 17. e4 ({RR} 17. g6 hxg6 ({RR} 17... Bxf5 18. Rxf5 Qc7 19. gxf7+ Nxf7 20. Rf1) 18. Re6 Qxe6 19. Bxe6 Rxh4 ({RR} 19... Nxe6 20. Bf6) 20. Bxd7+ Nxd7 21. e4 dxe4 22. Qe1) 17... Bxf5 18. exf5 O-O 19. Qd4 ({RR} 19. Qe2 Rfe8 20. Re1 Qb4) ({RR} 19. Rh6 Nxf5 20. Rxh7 Ng6) 19... Nd7 20. Qg4 Rfe8 21. Rf1 Qc5+ 22. Bf2 Ne5 23. Qh4 Qc4 24. Qxc4 {Sakaev,K (2668)-Dreev,A (2694) Khanty-Mansiysk 2005 CBM 111 [Marin,Mihail] ½-½ (46)}) 10. f4 Qb6 $146 ({RR} 10... O-O 11. O-O h6 12. Bxf6 {½-½ (12) Mahitosh,D (2228)-Jakab,A (2240) Budapest HUN 2025}) ({RR} 10... O-O 11. O-O h6 12. Bxf6 Qxf6 13. Qh5 Ne7 14. g4 Bxe5 15. g5 Qe6 16. fxe5 Qh3 17. Qxh3 Bxh3 18. Rf3 Bg4 19. Rf4 h5 20. Be2 Bxe2 21. Nxe2 b6 22. Rc1 a5 23. Ng3 g6 24. Rf6 Rac8 25. Ne2 {Euwe,M (2530)-Rodgaard,J (2335) Nordre 1980 ½-½ (50)}) 11. Qc2 O-O 12. Bxf6 gxf6 13. Nf3 Re8 14. Kf2 Bg4 15. Rhe1 Rac8 16. g3 Kg7 17. Rac1 Qd8 18. Bf5 Bxf3 19. Kxf3 Rc7 20. a3 Rce7 21. Rcd1 Bc7 22. Re2 Qd6 23. Kf2 a6 24. Bg4 Bb6 25. Qf5 Ba7 26. Kf3 b5 27. Qd3 a5 28. Kf2 b4 29. axb4 axb4 30. Na4 Re4 31. Bf3 R4e7 32. Rc1 Qd7 33. Nc5 Qh3 34. Bg2 Qh5 35. h3 Nf8 36. Nb3 Re6 37. f5 Rd6 38. Bf3 Qh6 39. Na5 Bb8 40. h4 Rc8 41. Qa6 Rc7 42. Rxc6 Ra7 43. Qb6 Nd7 44. Qxb4 1-0

[Event "Bykova Memorial 4th"]
[Site "Vladimir"]
[Date "2006.12.18"]
[Round "7"]
[White "Kudris, Vladislav"]
[Black "Karpov, Alexander"]
[Result "0-1"]
[WhiteElo "1954"]
[BlackElo "2337"]
[PlyCount "78"]
[EventDate "2006.12.14"]
[EventType "tourn"]
[EventRounds "14"]
[EventCountry "RUS"]
[EventCategory "1"]
[SourceTitle "EXT 2019"]
[Source "ChessBase"]
[SourceDate "2018.10.10"]
[SourceVersion "1"]
[SourceVersionDate "2018.10.10"]
[SourceQuality "1"]

1. d4 d5 2. c4 e6 3. Nf3 Nf6 4. Nc3 c6 5. cxd5 exd5 6. Bg5 Be7 7. e3 Bf5 8. Bd3 Bxd3 9. Qxd3 Nbd7 10. O-O O-O 11. a3 a5 12. h3 ({RR} 12. Rac1 Ne4 {½-½ (12) Beliavsky,A (2499)-Motylev,A (2628) Budapest HUN 2022}) ({RR} 12. Rac1 Re8 13. h3 Ne4 14. Bf4 Bd6 15. Bxd6 Nxd6 16. b3 Qe7 17. Rc2 g6 18. Nd2 Kg7 19. Re1 h5 20. f3 Nf5 21. e4 Rad8 22. Ne2 dxe4 23. fxe4 Nd6 24. Nc3 Nc8 25. Qg3 Qxa3 26. e5 Qb4 {Evans,R (1954)-Pal,R (2077) Hull ENG 2024 0-1 (45)}) 12... Re8 13. Bf4 a4 $146 ({RR} 13... Bf8 14. Nd2 a4 15. Qc2 Qa5 16. b4 axb3 17. Nxb3 Qa6 18. a4 Ne4 19. Nxe4 Rxe4 20. Nd2 Ree8 21. Rfb1 h6 22. Qf5 Re6 23. Bg3 Nf6 24. a5 Qe2 25. Nf1 Qa6 26. Nd2 Nd7 27. Nf3 g6 28. Qf4 {Smirnovas,J-Mikenas,A (2200) Vilnius 1995 0-1 (49)}) 14. Rfc1 Bf8 15. Ne2 Ne4 16. b4 axb3 17. Qxb3 Ra7 18. a4 Qa8 19. Rcb1 b5 20. Nc3 Nxc3 21. Qxc3 Rxa4 22. Rxa4 bxa4 23. Qc2 a3 24. Ng5 g6 25. Ra1 c5 26. Nf3 c4 27. Ne5 Nxe5 28. Bxe5 Qa6 29. Ra2 Qb5 30. Qe2 Qb1+ 31. Kh2 Re6 32. Bc7 Ra6 33. h4 Qb7 34. Be5 Qe7 35. Qg4 h5 36. Qf4 Kh7 37. Qg3 Qe6 38. Kg1 Qf5 39. f4 Qb1+ 0-1